Devine la saison de F1 avec les 3 derniers - Statistiques

Statistiques générales
  • Ce quiz a été pris 126 fois
  • Le résultat moyen est 9 sur 10
Statistiques - réponses
20 19 18 Réponse % Correct
Latifi Albon Zhou 2022
99%
Devries Sargeant Lawson 2023
97%
Latifi Magnussen Grosjean 2020
95%
Russel Kubica Grosjean 2019
94%
Sirotkin Hartley Stroll 2018
92%
Mazepin Schumacher Giovinazzi 2021
92%
Kobayashi Chilton Ericsson 2014
86%
Ericsson Kvyat Wehrlein 2017
86%
Stevens Merhi Ericsson 2015
83%
Harianto Ericsson Gutierrez 2016
81%
Aucun quiz correspondant
Distribution des résultats
% des personnes avec chaque résultat
Percentile par nombre de réponses
Votre historique - résultats
Vous n’avez pas pris ce quiz